000 00557nam a2200157 a 4500
001 000035344
005 20200930074255.0
008 111027s1976 mx 000 0 spa d
040 _aDO-SdBNP
_bspa
_cBNPHU
082 _axxxx
_bS586p
100 1 _aSilva Michelena, José A.
_961130
245 1 0 _aPolítica y bloques de poder :
_bcrisis en el sistema mundial /
_cJosé A. Silva Michelena.
260 _aMéxico :
_bSiglo Veintiuno Editores,
_c1976.
300 _a291 p. ;
_c21 cm.
590 _aPerteneció a la biblioteca personal de Juan Isidro Jimenes Grullón
999 _c34835
_d34835